Introducing autodesk maya 2012 / (Record no. 36204)
[ view plain ]
| 000 -LEADER | |
|---|---|
| fixed length control field | 00470nam a22001697a 4500 |
| 005 - DATE AND TIME OF LATEST TRANSACTION | |
| control field | 20240724105605.0 |
| 008 - FIXED-LENGTH DATA ELEMENTS--GENERAL INFORMATION | |
| fixed length control field | 240724b |||||||| |||| 00| 0 eng d |
| 020 ## - INTERNATIONAL STANDARD BOOK NUMBER | |
| ISBN | 9780470900215 |
| 082 ## - DEWEY DECIMAL CLASSIFICATION NUMBER | |
| Classification number | 006.696 |
| Item number | DER-I |
| 100 ## - MAIN ENTRY--AUTHOR | |
| Author Name | Derakhshani, Dariush |
| 245 ## - TITLE STATEMENT | |
| Title | Introducing autodesk maya 2012 / |
| Remainder of title | Dariush Derakhshani, |
| 260 ## - PUBLICATION, DISTRIBUTION, ETC. | |
| Place of Publication | usa: |
| Name of publisher, distributor, etc. | wiley; |
| Date of publication, distribution, etc. | 2011. |
| 300 ## - PHYSICAL DESCRIPTION | |
| Pages | xiv,618 p. : |
| 500 ## - GENERAL NOTE | |
| General note | include index. |
| 650 ## - SUBJECT ADDED ENTRY--TOPICAL TERM | |
| Subject / Department | Graphic design |
| 300 ## - PHYSICAL DESCRIPTION | |
| -- | ill; |
| -- | 24 cm. |
| 952 ## - LOCATION AND ITEM INFORMATION (KOHA) | |
| -- | 0 |
| -- | 0 |
| 952 ## - LOCATION AND ITEM INFORMATION (KOHA) | |
| -- | 0 |
| -- | 0 |
| 952 ## - LOCATION AND ITEM INFORMATION (KOHA) | |
| -- | 0 |
| -- | 0 |
| 952 ## - LOCATION AND ITEM INFORMATION (KOHA) | |
| -- | 0 |
| -- | 0 |
| Lost status | Damaged status | Collection code | Permanent Location | Current Location | Shelving Location | Date acquired | Full Call Number | Accession No./Barcode | Date last seen | Copy number | item type | Koha item type |
|---|---|---|---|---|---|---|---|---|---|---|---|---|
| CS/IT | Superior Information Resource Center (SIRC) Superior University- Gold Campus | Superior Information Resource Center (SIRC) Superior University- Gold Campus | Graphic design | 07/24/2024 | 006.696 DER-I 2011 | 18132 | 07/24/2024 | 1 | BOOK | BOOK | ||
| CS/IT | Superior Information Resource Center (SIRC) Superior University- Gold Campus | Superior Information Resource Center (SIRC) Superior University- Gold Campus | Graphic design | 07/24/2024 | 006.696 DER-I 2011 | 18133 | 07/24/2024 | 2 | BOOK | BOOK | ||
| CS/IT | Superior Information Resource Center (SIRC) Superior University- Gold Campus | Superior Information Resource Center (SIRC) Superior University- Gold Campus | Graphic design | 07/24/2024 | 006.696 DER-I 2011 | 18189 | 07/24/2024 | 3 | BOOK | BOOK | ||
| CS/IT | Superior Information Resource Center (SIRC) Superior University- Gold Campus | Superior Information Resource Center (SIRC) Superior University- Gold Campus | Graphic design | 07/24/2024 | 006.696 DER-I 2011 | 18190 | 07/24/2024 | 4 | BOOK | BOOK |
